Biometry:the principles and practice of statistics in biological research. --3rd ed. (Record no. 81139)
[ view plain ]
| 000 -LEADER | |
|---|---|
| fixed length control field | 00913nam a2200205 a 4500 |
| 008 - FIXED-LENGTH DATA ELEMENTS--GENERAL INFORMATION | |
| fixed length control field | 081016s1995 ||||||||||||||||| || u |
| 020 ## - INTERNATIONAL STANDARD BOOK NUMBER | |
| International Standard Book Number | 0716724111 |
| 050 ## - LIBRARY OF CONGRESS CALL NUMBER | |
| Classification number | QH 323.5 Sok |
| 100 ## - MAIN ENTRY--PERSONAL NAME | |
| Personal name | Sokal, Robert R |
| 245 10 - TITLE STATEMENT | |
| Title | Biometry:the principles and practice of statistics in biological research. --3rd ed. |
| Statement of responsibility, etc. | Robert R. Sokal; F. James Rohlf |
| 250 ## - EDITION STATEMENT | |
| Edition statement | 3rd ed. |
| 260 ## - PUBLICATION, DISTRIBUTION, ETC. | |
| Place of publication, distribution, etc. | New York |
| Name of publisher, distributor, etc. | W. H. Freeman and Company |
| Date of publication, distribution, etc. | 1995 |
| 300 ## - PHYSICAL DESCRIPTION | |
| Extent | xix, 887p.: ill. |
| 350 ## - | |
| -- | 122000.00 |
| 650 #3 - SUBJECT ADDED ENTRY--TOPICAL TERM | |
| Topical term or geographic name entry element | BIOMETRY |
| 650 #0 - SUBJECT ADDED ENTRY--TOPICAL TERM | |
| Topical term or geographic name entry element | BIOLOGY |
| 700 ## - ADDED ENTRY--PERSONAL NAME | |
| Personal name | Rohlf, F. James |
| 995 ## - | |
| -- | MAIN LIBRARY OPEN ACCESS |
| -- | 122000.00 |
| -- | 738675 |
| -- | CBU-MAIN LIBRARY (Kitwe) |
| -- | 1 |
| -- | 0.00 |
| -- | QH 323.5 SOK |
| -- | 1 |
| -- | AVAILABLE |
| -- | Oct 16, 2008 |
| -- | 738673 |
| -- | Main Library Open Access Collection |
| 995 ## - | |
| -- | MAIN LIBRARY OPEN ACCESS |
| -- | 122000.00 |
| -- | 738675 |
| -- | CBU-MAIN LIBRARY (Kitwe) |
| -- | 1 |
| -- | 0.00 |
| -- | QH 323.5 SOK |
| -- | AVAILABLE |
| -- | Oct 16, 2008 |
| -- | 738675 |
| -- | Main Library Open Access Collection |
| 999 ## - | |
| -- | 81139 |
| -- | 81139 |
| Withdrawn status | Lost status | Source of classification or shelving scheme | Damaged status | Not for loan | Permanent Location | Current Location | Shelving location | Date acquired | Total Checkouts | Full call number | Barcode | Checked out | Date last seen | Date last checked out | Copy number | Price effective from | Koha item type |
|---|---|---|---|---|---|---|---|---|---|---|---|---|---|---|---|---|---|
| CBU-MAIN LIBRARY, KITWE. | CBU-MAIN LIBRARY, KITWE. | 07/19/2023 | 2 | QH 323.5 Sok | 738673 | 04/22/2026 | 02/20/2026 | 02/20/2026 | 1 | 07/19/2023 | MONOGRAPH | ||||||
| CBU-MAIN LIBRARY, KITWE. | CBU-MAIN LIBRARY, KITWE. | 07/19/2023 | QH 323.5 Sok | 738675 | 07/19/2023 | 2 | 07/19/2023 | MONOGRAPH |